Thomas' Calculus (Record no. 180742)
[ view plain ]
| 000 -LEADER | |
|---|---|
| fixed length control field | 01185 a2200229 4500 |
| 003 - CONTROL NUMBER IDENTIFIER | |
| control field | Nust |
| 005 - DATE AND TIME OF LATEST TRANSACTION | |
| control field | 20170207153155.0 |
| 010 ## - LIBRARY OF CONGRESS CONTROL NUMBER | |
| LC control number | 75319398 |
| 020 ## - INTERNATIONAL STANDARD BOOK NUMBER | |
| International Standard Book Number | 0045170045 |
| 020 ## - INTERNATIONAL STANDARD BOOK NUMBER | |
| International Standard Book Number | 0045170053 (pbk.) |
| 040 ## - CATALOGING SOURCE | |
| Transcribing agency | Nust |
| 082 00 - DEWEY DECIMAL CLASSIFICATION NUMBER | |
| Classification number | 515 |
| 100 1# - MAIN ENTRY--PERSONAL NAME | |
| Personal name | Thomas, George B. |
| 245 10 - TITLE STATEMENT | |
| Title | Thomas' Calculus |
| Statement of responsibility, etc. | George B Thomas |
| 260 ## - PUBLICATION, DISTRIBUTION, ETC. | |
| Place of publication, distribution, etc. | London : |
| Name of publisher, distributor, etc. | Allen and Unwin, |
| Date of publication, distribution, etc. | 1972. |
| 300 ## - PHYSICAL DESCRIPTION | |
| Extent | vii, 1145 p. : |
| Other physical details | ill. ; |
| Dimensions | 23 cm. |
| 490 0# - SERIES STATEMENT | |
| Series statement | Problem solvers ; no. 5 |
| 505 ## - FORMATTED CONTENTS NOTE | |
| Formatted contents note | 1.Preliminaries(page 1)2.Limits and continuity(page 73)3.Differentiation(page 147)4.Applications of derivatives(page 243)5.Integration(page 324)6.Applications of definite integrals(page 395)7.Transcendental functions(page 466)8.Techniques of integration(page 553)9.Further applications of Integration(page 642)10.Conic sections and polar coordinates(page 685)11.Infinite sequences and series(page 746)12.Vectors and geometry of space(page 848)13.Vector valued functions and motion in space(page 906)14.Partial derivatives(page 965)15.Multiple integrals(page 1067)16.Integration in vector fields(page 1143) |
| 538 ## - SYSTEM DETAILS NOTE | |
| System details note | Almirah No.13 and Shelf No.2 |
| 650 #0 - SUBJECT ADDED ENTRY--TOPICAL TERM | |
| Topical term or geographic name entry element | Calculus |
| 650 #0 - SUBJECT ADDED ENTRY--TOPICAL TERM | |
| Topical term or geographic name entry element | Functions of real variables |
| 942 ## - ADDED ENTRY ELEMENTS (KOHA) | |
| Source of classification or shelving scheme | |
| Koha item type | Book |
| Withdrawn status | Lost status | Source of classification or shelving scheme | Damaged status | Not for loan | Collection code | Permanent Location | Current Location | Date acquired | Total Checkouts | Full call number | Barcode | Date last seen | Price effective from | Koha item type |
|---|---|---|---|---|---|---|---|---|---|---|---|---|---|---|
| Military College of Signals (MCS) | Military College of Signals (MCS) | 12/12/2016 | 515 GIO | MCS33310 | 12/08/2016 | 12/12/2016 | Book | |||||||
| Military College of Signals (MCS) | Military College of Signals (MCS) | 12/12/2016 | 515 GIO | MCS33311 | 12/08/2016 | 12/12/2016 | Book |
